Malá Fatra - Vrátna

Zobrazenie: Pohľad na Vrátnu dolinu s okolitými skalnatými vrchmi

Bibliographic Details
Format: Photo
Language:Slovak
Published: [Bratislava] Tatran [nie pred 1946]
Subjects:

MARC

LEADER 00000nkm a2200000 a 4500
001 vtls011567879
003 SK-MaSNL
005 20260301142510.0
007 kf bo
008 231214q1946 xo g kuslo
015 |a SNBG 
035 |a urn:nbn:sk:snk-km00blme 
035 |a urn:nbn:sk:snk-km3lo6k 
035 |a 0E1B6E98-4C2A-4716-AAC9-6FBAE14F8FA5 
040 |a SNK  |b slo  |c SNK  |e AACR2 
041 0 |a slo 
043 |a e-xo--- 
044 |a xo  |c SK 
072 7 |a 908(437)  |x Vlastiveda Česka a Slovenska  |2 konspekt 
080 |a 908(437.6)  |2 2011 
080 |a 551.4.036(234.372.4)  |2 2011 
080 |a (084.121)  |2 2011 
245 0 0 |a Malá Fatra - Vrátna  |h grafika 
260 |a [Bratislava]  |b Tatran  |c [nie pred 1946] 
300 |a 1 pohľadnica  |b čiernobiela  |c 15 x 11 cm 
520 8 |a Zobrazenie: Pohľad na Vrátnu dolinu s okolitými skalnatými vrchmi 
650 0 7 |a doliny  |2 SNKPH  |9 256361 
651 7 |a Vrátna dolina (Slovensko)  |2 SNKPHgeo  |9 160644 
651 7 |a Malá Fatra (Slovensko : pohorie)  |2 SNKPHgeo  |9 56372 
655 7 |a geografické pohľadnice  |2 SNKPH  |9 70522 
852 |a Slovenská národná knižnica 
958 |a GC 
958 |a OND 
958 |a GBN 
958 |a EUIPO 
999 |c 770421  |d 772351 
952 |a SNK  |b SNK  |y PREZ  |7 0  |p 17A1195617  |o snkSP 27200  |z Pohľadnica prešla poštou.  |0 0  |1 0  |4 0  |d 2016-07-18  |f 1  |l 0  |r 2026-02-24 00:33:05  |w 2026-02-24